| 000 | 00689nam a22002417a 4500 | ||
|---|---|---|---|
| 001 | 0074 | ||
| 003 | DO-SdBNP | ||
| 005 | 20180130134935.0 | ||
| 007 | 0074 | ||
| 008 | 151119b mx 1986 xxu||||| |||| 00| 0 spa d | ||
| 020 | _a968416680X | ||
| 040 |
_aBPMSU _bspa _cBPMSU |
||
| 092 |
_axxxxxxxxxx _bxxxxxxxxxx |
||
| 100 | 1 | 0 | _aStevenson, Robert L. |
| 245 | 1 | 3 |
_aLa isla del tesoro / _cRobert L. Stevenson |
| 260 |
_aMéxico : _bFernández editores, _c1986. _g(1991) reimpresión |
||
| 300 |
_a129 p. : _bil., _c19 cm. |
||
| 490 | 1 | 0 |
_aClásicos Auriga _v880 |
| 830 | 0 | 0 |
_aClásicos Auriga _n880 |
| 942 |
_2ddc _cBK |
||
| 945 | _aInventariado extranjero / 2018 VM | ||
| 956 | _aBrenda Tavárez | ||
| 999 |
_c8829 _d8829 |
||